Elements of shipping / (Record no. 749903)
[ view plain ]
| 000 -LEADER | |
|---|---|
| fixed length control field | 00343nam a2200133 4500 |
| 020 ## - INTERNATIONAL STANDARD BOOK NUMBER | |
| ISBN | 9789360615628 |
| 082 ## - DEWEY DECIMAL CLASSIFICATION NUMBER | |
| Classification number | 387.54 ADA/E |
| 084 ## - OTHER CLASSIFICATION NUMBER | |
| Source of Number | Colon Classification |
| 100 ## - MAIN ENTRY--AUTHOR NAME | |
| Personal name | Adams, Douglas |
| 245 ## - TITLE STATEMENT | |
| Title | Elements of shipping / |
| Statement of responsibility, etc | Douglas Adams |
| 260 ## - PUBLICATION, DISTRIBUTION, ETC. (IMPRINT) | |
| Place of publication | New Delhi : |
| Name of publisher | Pinakin Publishing, |
| Year of publication | 2025. |
| 300 ## - PHYSICAL DESCRIPTION | |
| Number of Pages | 240p.: |
| 942 ## - ADDED ENTRY ELEMENTS (KOHA) | |
| Source of classification or shelving scheme | Dewey Decimal Classification |
| Koha item type | Book |
| Withdrawn status | Lost status | Source of classification or shelving scheme | Damaged status | Not for loan | Home Library | Current Location | Shelving location | Date acquired | Full call number | Accession Number | Price effective from | Koha item type |
|---|---|---|---|---|---|---|---|---|---|---|---|---|
| Dewey Decimal Classification | Institute of Management | Institute of Management | General Stacks | 21/06/2025 | 387.54 ADA/E | IMK17648 | Book |
